[Event "Oberliga Ost-B 1819"]
[Site "Germany"]
[Date "2019.03.24"]
[Round "9.8"]
[White "Packroff, Hermann"]
[Black "Lehmann, Stefan"]
[Result "1/2-1/2"]
[WhiteElo "2177"]
[BlackElo "2005"]
[PlyCount "110"]
[EventDate "2018.10.21"]
[EventType "team-tourn"]
[EventRounds "11"]
[EventCountry "GER"]
[SourceTitle "EXT 2020"]
[Source "ChessBase"]
[SourceDate "2019.10.17"]
[SourceVersion "1"]
[SourceVersionDate "2019.10.17"]
[SourceQuality "1"]
[WhiteTeam "Naumburg"]
[BlackTeam "Marburg"]
[WhiteTeamCountry "GER"]
[BlackTeamCountry "GER"]

1. d4 d5 2. Nf3 Nf6 3. Bg5 e6 4. e3 Be7 5. Bd3 c5 6. c3 Nc6 7. 0-0 h6 8. Bh4 0-0 9. Nbd2 cxd4 10. exd4 Nd7 11. Bxe7 Qxe7 12. Re1 e5 13. dxe5 Ndxe5 14. Nxe5 Nxe5 15. Nf3 Nxf3+ 16. Qxf3 Qc5 17. Bc2 g6 18. Rad1 Qb6 19. b3 Be6 20. Qf4 Kh7 21. Qf6 Bf5 22. Qxb6 axb6 23. Bxf5 gxf5 24. Rxd5 Rxa2 25. Rxf5 Kg6 26. Rb5 Re8 27. Rxb6+ Kg7 28. Rf1 Re7 29. g3 Rc2 30. c4 Rb2 31. Kg2 Rd7 32. h4 Re7 33. g4 Re4 34. Kg3 Rxc4 35. Rxb7 Rc3+ 36. f3 Rbxb3 37. Rxb3 Rxb3 38. Rc1 Ra3 39. Rc4 Rb3 40. Kf4 Ra3 41. g5 hxg5+ 42. hxg5 Ra5 43. Kg4 Rb5 44. f4 Ra5 45. f5 Ra1 46. Kh5 Rf1 47. f6+ Kh7 48. Rc8 Rh1+ 49. Kg4 Rg1+ 50. Kf5 Rf1+ 51. Ke5 Rg1 52. Kd6 Rxg5 53. Ke7 Ra5 54. Kxf7 Ra7+ 55. Ke8 Kg6 1/2-1/2

[Event "Oberliga Ost-B 1819"]
[Site "Germany"]
[Date "2019.03.23"]
[Round "8.8"]
[White "Lehmann, Stefan"]
[Black "Buerckner, Georg"]
[Result "0-1"]
[WhiteElo "2005"]
[BlackElo "2048"]
[PlyCount "102"]
[EventDate "2018.10.21"]
[EventType "team-tourn"]
[EventRounds "11"]
[EventCountry "GER"]
[SourceTitle "EXT 2020"]
[Source "ChessBase"]
[SourceDate "2019.10.17"]
[SourceVersion "1"]
[SourceVersionDate "2019.10.17"]
[SourceQuality "1"]
[WhiteTeam "Marburg"]
[BlackTeam "Sangerhausen"]
[WhiteTeamCountry "GER"]
[BlackTeamCountry "GER"]

1. e4 e5 2. Nf3 Nc6 3. Bb5 a6 4. Ba4 Bc5 5. 0-0 d6 6. c3 Ba7 7. d3 Nge7 8. Be3 0-0 9. Bxa7 Rxa7 10. Nbd2 Ng6 11. g3 f5 12. Bb3+ Kh8 13. exf5 Bxf5 14. Qe2 Qf6 15. Qe3 h6 16. Bd5 Raa8 17. Be4 Bh3 18. Bxg6 Qxg6 19. Rfe1 Qf6 20. Nh4 d5 21. Qf3 Qg5 22. Qe3 Qh5 23. Qc5 Qf7 24. Re2 Bg4 25. f3 Bh5 26. Rf2 Rad8 27. Raf1 Qe6 28. Ng2 Bg6 29. d4 b6 30. Qa3 exd4 31. Re1 Qd6 32. Qxa6 dxc3 33. bxc3 Ra8 34. Qb5 Ne5 35. Nf4 Rxf4 36. Rxe5 Qxe5 37. gxf4 Qxc3 38. Qxd5 Qa1+ 39. Nf1 Rf8 40. Qc6 Kh7 41. Qxc7 Rf6 42. Qc4 Rd6 43. Kg2 Bd3 44. Qb3 Bxf1+ 45. Rxf1 Rg6+ 46. Kf2 Qd4+ 47. Ke1 Rc6 48. Qb1+ Kh8 49. Qe4 Rc1+ 50. Ke2 Qb2+ 51. Kd3 Qc2+ 0-1

[Event "Oberliga Ost-B 1718"]
[Site "Germany"]
[Date "2018.04.14"]
[Round "10.7"]
[White "Kersten, Uwe"]
[Black "Lehmann, Stefan"]
[Result "1-0"]
[WhiteElo "2245"]
[BlackElo "1990"]
[PlyCount "77"]
[EventDate "2017.10.22"]
[EventType "team-tourn"]
[EventRounds "11"]
[EventCountry "GER"]
[SourceTitle "EXT 2019"]
[Source "ChessBase"]
[SourceDate "2018.10.10"]
[SourceVersion "1"]
[SourceVersionDate "2018.10.10"]
[SourceQuality "1"]
[WhiteTeam "Kassel"]
[BlackTeam "Marburg"]
[WhiteTeamCountry "GER"]
[BlackTeamCountry "GER"]

1. e4 c5 2. Nf3 d6 3. Bb5+ Bd7 4. Bxd7+ Qxd7 5. c4 Nc6 6. d4 cxd4 7. Nxd4 Nf6 8. Nc3 g6 9. b3 Bg7 10. Bb2 0-0 11. 0-0 Rfd8 12. Re1 e6 13. Nxc6 Qxc6 14. Qf3 Nd7 15. Rac1 a6 16. Ba1 Rac8 17. a4 Qb6 18. Ne2 Bxa1 19. Rxa1 Nc5 20. Rab1 Qc7 21. Nc3 Kg7 22. Qe3 Qe7 23. f4 Qc7 24. Kh1 Nd7 25. h3 Qc5 26. Qf3 h5 27. Rf1 b6 28. Rbe1 Re8 29. e5 d5 30. Rc1 Qb4 31. cxd5 Qxb3 32. d6 Rc4 33. Qb7 Rec8 34. Qxd7 Rxc3 35. Qxc8 Rxc8 36. Rxc8 Qxa4 37. Rc7 Qb5 38. Rd1 Qe2 39. Rcc1 1-0

[Event "Guernsey op 42nd"]
[Site "Vale"]
[Date "2016.10.21"]
[Round "6"]
[White "Rosen, Daniel B"]
[Black "Lehmann, Stefan"]
[Result "1/2-1/2"]
[WhiteElo "2034"]
[BlackElo "1970"]
[PlyCount "52"]
[EventDate "2016.10.16"]
[EventType "swiss"]
[EventRounds "7"]
[EventCountry "GCI"]
[SourceTitle "CBM 175 Extra"]
[Source "ChessBase"]
[SourceDate "2016.12.12"]
[SourceVersion "1"]
[SourceVersionDate "2016.12.12"]
[SourceQuality "1"]

1. e4 e5 2. Nf3 Nc6 3. Bb5 a6 4. Ba4 Nf6 5. d3 b5 6. Bb3 Bc5 7. 0-0 d6 8. Be3 Bxe3 9. fxe3 Na5 10. Nc3 Nxb3 11. axb3 Bb7 12. Qe1 g6 13. Qh4 Nh5 14. Qh3 Qd7 15. Qxd7+ Kxd7 16. g4 Ng7 17. Nd2 f5 18. Rf2 Raf8 19. Raf1 Rhg8 20. h3 Ke7 21. exf5 gxf5 22. Kh2 fxg4 23. hxg4 Rxf2+ 24. Rxf2 Ne6 25. Kh3 Rg6 26. Rh2 Rh6+ 1/2-1/2

[Event "Guernsey op 42nd"]
[Site "Vale"]
[Date "2016.10.18"]
[Round "3"]
[White "Lehmann, Stefan"]
[Black "Von Saldern, Ruediger"]
[Result "1-0"]
[WhiteElo "1970"]
[BlackElo "1914"]
[PlyCount "61"]
[EventDate "2016.10.16"]
[EventType "swiss"]
[EventRounds "7"]
[EventCountry "GCI"]
[SourceTitle "CBM 175 Extra"]
[Source "ChessBase"]
[SourceDate "2016.12.12"]
[SourceVersion "1"]
[SourceVersionDate "2016.12.12"]
[SourceQuality "1"]

1. e4 e5 2. f4 exf4 3. Nf3 g5 4. Bc4 d6 5. 0-0 Nc6 6. d4 Bg4 7. c3 Bxf3 8. Qxf3 Qd7 9. Bb5 a6 10. Ba4 b5 11. Bb3 Na5 12. e5 Rb8 13. e6 fxe6 14. Qh5+ Qf7 15. Qxg5 Bh6 16. Qh4 Nxb3 17. axb3 Rb6 18. Bxf4 Bxf4 19. Rxf4 Qg6 20. Nd2 Ne7 21. Rf6 Qg8 22. Re1 d5 23. Nf3 Ng6 24. Qg5 Kd7 25. Ne5+ Nxe5 26. Qxe5 Rd6 27. Ref1 Qe8 28. Rf7+ Kc8 29. Qg7 Rg8 30. Rxc7+ Kd8 31. Qxh7 1-0

[Event "Guernsey op 42nd"]
[Site "Vale"]
[Date "2016.10.16"]
[Round "1"]
[White "Lehmann, Stefan"]
[Black "Hoogland, Dirk"]
[Result "1/2-1/2"]
[WhiteElo "1970"]
[BlackElo "2139"]
[PlyCount "81"]
[EventDate "2016.10.16"]
[EventType "swiss"]
[EventRounds "7"]
[EventCountry "GCI"]
[SourceTitle "CBM 175 Extra"]
[Source "ChessBase"]
[SourceDate "2016.12.12"]
[SourceVersion "1"]
[SourceVersionDate "2016.12.12"]
[SourceQuality "1"]

1. e4 c5 2. Nf3 g6 3. d4 cxd4 4. Nxd4 Nc6 5. Nc3 Bg7 6. Be3 Nf6 7. Be2 0-0 8. 0-0 d5 9. Nxd5 Nxe4 10. Nxc6 bxc6 11. Nb4 Qc7 12. Bf3 Rb8 13. Nd3 Nd6 14. Bf4 Bf5 15. Qe2 Bxd3 16. Qxd3 Rxb2 17. Rfe1 Rd8 18. a3 Rb5 19. Rad1 e5 20. Bg3 Bf6 21. Qc3 Qa5 22. Qxa5 Rxa5 23. Bxc6 Rxa3 24. Bxe5 Bxe5 25. Rxe5 Rc8 26. Bf3 Nf5 27. h3 Rxc2 28. Rd7 Ra1+ 29. Kh2 Rxf2 30. Bd5 Nh6 31. Ree7 a5 32. Ra7 Rf5 33. Red7 g5 34. Be4 Rff1 35. Rd5 g4 36. Rg5+ Kf8 37. hxg4 Rh1+ 38. Kg3 Ra3+ 39. Bf3 Rha1 40. Ra6 Rh1 41. Rgxa5 1/2-1/2

[Event "Stuttgart-chB int"]
[Site "Ditzingen"]
[Date "2014.05.31"]
[Round "7"]
[White "Gorb, Eugeniusz"]
[Black "Lehmann, Stefan"]
[Result "1-0"]
[WhiteElo "1657"]
[BlackElo "1866"]
[PlyCount "135"]
[EventDate "2014.05.29"]
[EventType "swiss"]
[EventRounds "7"]
[EventCountry "GER"]
[SourceTitle "EXT 2015"]
[Source "ChessBase"]
[SourceDate "2014.11.20"]
[SourceVersion "1"]
[SourceVersionDate "2014.11.20"]
[SourceQuality "1"]

1. e4 e5 2. Nf3 Nc6 3. d4 exd4 4. Nxd4 Bc5 5. Nxc6 Qf6 6. Qe2 dxc6 7. Nc3 Be6 8. a3 Ne7 9. Be3 Bd6 10. Bd2 0-0-0 11. g3 Qg6 12. Qe3 Kb8 13. Bd3 Be5 14. f4 Bd4 15. Qe2 Bg4 16. Qg2 Qh5 17. Be2 f6 18. Bxg4 Qxg4 19. Qe2 h5 20. Qxg4 hxg4 21. Nd1 Rh3 22. Be3 Bxe3 23. Nxe3 Rdh8 24. Nf1 R3h5 25. Rd1 Kc8 26. Rd2 Rb5 27. c3 f5 28. exf5 Nxf5 29. Kf2 Re8 30. h3 Rh8 31. Kg2 Rxh3 32. Rxh3 gxh3+ 33. Kxh3 Rd5 34. Rxd5 cxd5 35. Kg4 Nd6 36. Kg5 Kd7 37. Kg6 Ne8 38. Kf7 c5 39. f5 d4 40. cxd4 cxd4 41. Nd2 Nd6+ 42. Kg6 Ke7 43. g4 Kf8 44. f6 gxf6 45. Kxf6 Nf7 46. Ke6 d3 47. Kd7 Ne5+ 48. Kc7 Nxg4 49. Kxb7 a5 50. Kb6 a4 51. Kb5 Ke7 52. Kxa4 Kd6 53. Kb4 Ne5 54. Kc3 Kc5 55. Ne4+ Kb5 56. Nf2 d2 57. Kxd2 Ka4 58. Kc3 Nc6 59. Nd3 Na7 60. Nc5+ Kb5 61. b4 Nc6 62. a4+ Kb6 63. Ne6 Kb7 64. Nd4 Na7 65. Kc4 Kb6 66. a5+ Ka6 67. Kc5 Nc8 68. Nc6 1-0

[Event "Stuttgart-chB int"]
[Site "Ditzingen"]
[Date "2014.05.29"]
[Round "2"]
[White "Lehmann, Stefan"]
[Black "Hartmann, Christian"]
[Result "1-0"]
[WhiteElo "1866"]
[BlackElo "1650"]
[PlyCount "119"]
[EventDate "2014.05.29"]
[EventType "swiss"]
[EventRounds "7"]
[EventCountry "GER"]
[SourceTitle "EXT 2015"]
[Source "ChessBase"]
[SourceDate "2014.11.20"]
[SourceVersion "1"]
[SourceVersionDate "2014.11.20"]
[SourceQuality "1"]

1. e4 e5 2. Nf3 Nc6 3. Bc4 Bc5 4. 0-0 d6 5. c3 Nf6 6. d3 a6 7. Bb3 h6 8. Nbd2 Ba7 9. h3 0-0 10. Re1 Re8 11. Nf1 Be6 12. Bc2 Bd7 13. Be3 Bxe3 14. Nxe3 Qc8 15. Nh4 Ne7 16. d4 c5 17. Nc4 Qc7 18. dxe5 dxe5 19. Qd6 Qxd6 20. Nxd6 Reb8 21. Nc4 Nc6 22. Nb6 Ra7 23. Bb3 Re8 24. Rad1 Be6 25. Bd5 Bxd5 26. exd5 Nb8 27. Nc4 Nfd7 28. Nd6 Rd8 29. Ne4 b5 30. Nf5 Kf8 31. Re3 f6 32. Rg3 Nb6 33. Nxc5 Rxd5 34. Rxd5 Nxd5 35. Ne6+ Kg8 36. Nexg7 Kh7 37. Ne6 Rf7 38. Rg4 h5 39. Rh4 Kg6 40. Ng3 Re7 41. Nc5 Nf4 42. Nf1 f5 43. g3 Kg5 44. Ne3 Rc7 45. Rxf4 exf4 46. Ne6+ Kh6 47. Nxc7 fxe3 48. fxe3 Kg6 49. Kf2 Kf6 50. Kf3 Ke5 51. b3 Kd6 52. Ne8+ Ke5 53. Ng7 h4 54. gxh4 Nc6 55. h5 Kf6 56. h6 Ne5+ 57. Kf4 Ng6+ 58. Kg3 Ne5 59. Ne8+ Kg6 60. Nc7 1-0

[Event "Remote S7E Pro-150 email"]
[Site "Remote email"]
[Date "2012.04.12"]
[Round "?"]
[White "Lehmann, Stefan"]
[Black "Hahner, Anton"]
[Result "1-0"]
[WhiteElo "2366"]
[BlackElo "2214"]
[PlyCount "113"]
[EventDate "2012.??.??"]
[EventType "tourn (corr)"]
[EventRounds "6"]
[EventCountry "GER"]
[SourceTitle "Corr 2015"]
[Source "ChessBase"]
[SourceDate "2015.07.17"]
[SourceVersion "1"]
[SourceVersionDate "2015.07.17"]
[SourceQuality "1"]

1. e4 e6 2. d4 d5 3. Nc3 Nf6 4. Bg5 Be7 5. e5 Nfd7 6. h4 c5 7. Bxe7 Kxe7 8. Qd2 Nc6 9. dxc5 Ndxe5 10. 0-0-0 Qa5 11. h5 f6 12. Kb1 d4 13. Ne4 Qxd2 14. Rxd2 f5 15. Ng3 Rd8 16. f4 Nd7 17. h6 g6 18. Nf3 Nxc5 19. Bb5 Bd7 20. Re1 a6 21. Bf1 Be8 22. Ng5 Bf7 23. Nxh7 Rh8 24. Ng5 Rxh6 25. b4 Nxb4 26. Rxd4 a5 27. a3 Nba6 28. Bxa6 Rxa6 29. Rd5 Rb6+ 30. Ka1 Rc6 31. Rxf5 Bg8 32. Rfe5 Rh4 33. Ne2 b6 34. Nf3 Rh5 35. Re3 Kf6 36. Ne5 Rc8 37. Rb1 Na4 38. c4 Rh4 39. g3 Rh7 40. g4 g5 41. Rf1 Rd8 42. Ng3 gxf4 43. Rxf4+ Kg5 44. Rf2 Nc5 45. Nh5 Rd1+ 46. Kb2 Rb7 47. Rf4 Nd7 48. Kc2 Rh1 49. Nf3+ Kh6 50. Nf6 Bf7 51. Nxd7 Rxd7 52. Ne5 Bg6+ 53. Nxg6 Kxg6 54. Rxe6+ Kg5 55. Rfe4 a4 56. Rxb6 Rh3 57. Rb5+ 1-0

[Event "Remote S7E Pro-150 email"]
[Site "Remote email"]
[Date "2012.04.12"]
[Round "?"]
[White "Lehmann, Stefan"]
[Black "Nogler, Schimun"]
[Result "1/2-1/2"]
[WhiteElo "2366"]
[BlackElo "2378"]
[PlyCount "79"]
[EventDate "2012.??.??"]
[EventType "tourn (corr)"]
[EventRounds "6"]
[EventCountry "GER"]
[SourceTitle "Corr 2015"]
[Source "ChessBase"]
[SourceDate "2015.07.17"]
[SourceVersion "1"]
[SourceVersionDate "2015.07.17"]
[SourceQuality "1"]

1. e4 c5 2. Nf3 e6 3. Nc3 Nc6 4. Bb5 Nge7 5. d4 cxd4 6. Nxd4 Nxd4 7. Qxd4 Nc6 8. Qe3 a6 9. Be2 Qc7 10. 0-0 Bd6 11. Kh1 0-0 12. f4 b5 13. Qf2 Be7 14. Be3 Rb8 15. a3 d6 16. Rad1 Bf6 17. Rd3 b4 18. Na4 e5 19. Nb6 Ne7 20. Nxc8 Nxc8 21. fxe5 Bxe5 22. Rb3 Qxc2 23. Rxb4 Rxb4 24. axb4 Qxe4 25. Bxa6 Ne7 26. b5 Nf5 27. Bg5 g6 28. b6 h6 29. Bf4 Bd4 30. Qe2 Qxe2 31. Bxe2 Bxb6 32. g4 Ne3 33. Bxh6 Nxf1 34. Bxf8 Ng3+ 35. hxg3 Kxf8 36. b4 d5 37. Bf3 d4 38. Be2 Ke7 39. Bc4 f6 40. Kg2 1/2-1/2

[Event "Remote S7E High-122 email"]
[Site "Remote email"]
[Date "2012.03.25"]
[Round "?"]
[White "Lehmann, Stefan"]
[Black "Faber, Hans Alban"]
[Result "1/2-1/2"]
[WhiteElo "2362"]
[BlackElo "2460"]
[PlyCount "96"]
[EventDate "2012.??.??"]
[EventType "tourn (corr)"]
[EventRounds "6"]
[EventCountry "GER"]
[SourceTitle "Corr 2015"]
[Source "ChessBase"]
[SourceDate "2015.07.17"]
[SourceVersion "1"]
[SourceVersionDate "2015.07.17"]
[SourceQuality "1"]

1. e4 d6 2. d4 g6 3. Nc3 Bg7 4. Nf3 c6 5. Be2 Nf6 6. 0-0 0-0 7. h3 Nbd7 8. Bf4 e5 9. dxe5 dxe5 10. Nxe5 Nxe4 11. Nxe4 Nxe5 12. Qxd8 Rxd8 13. Bg5 Rd5 14. Nf6+ Bxf6 15. Bxf6 Nd7 16. Bc3 Nb6 17. Bf3 Rd6 18. Rfd1 Rxd1+ 19. Rxd1 Bf5 20. Rd2 a5 21. Kh2 a4 22. g4 Be6 23. Bd4 Nd7 24. a3 f5 25. Kg3 Kf7 26. Bc3 Nf6 27. Rd4 Bd5 28. gxf5 gxf5 29. Rh4 Ne4+ 30. Bxe4 Rg8+ 31. Kf4 fxe4 32. Rxh7+ Kg6 33. Rxb7 Rf8+ 34. Ke3 Rf3+ 35. Ke2 Bc4+ 36. Ke1 e3 37. fxe3 Rxe3+ 38. Kd1 Rxh3 39. Rb4 Rh4 40. b3 axb3 41. cxb3 Rh1+ 42. Kc2 Be6 43. a4 Rh2+ 44. Kb1 c5 45. Rb6 Kf5 46. a5 Bd5 47. a6 Rh7 48. Kb2 Ra7 1/2-1/2

[Event "Uxbridge e2e4 op"]
[Site "Denham"]
[Date "2011.03.18"]
[Round "1"]
[White "Mason, Donald"]
[Black "Lehmann, Stefan"]
[Result "1/2-1/2"]
[WhiteElo "2255"]
[BlackElo "2015"]
[PlyCount "45"]
[EventDate "2011.03.18"]
[EventType "swiss"]
[EventRounds "5"]
[EventCountry "ENG"]
[SourceTitle "CBM 141 Extra"]
[Source "ChessBase"]
[SourceDate "2011.05.03"]
[SourceVersion "1"]
[SourceVersionDate "2011.05.03"]
[SourceQuality "1"]

1. c4 e5 2. Nc3 Nf6 3. g3 d6 4. Bg2 c6 5. d4 Qc7 6. e4 Be7 7. Nf3 Bg4 8. 0-0 Nbd7 9. Be3 0-0 10. d5 Rfd8 11. h3 Bh5 12. g4 Bg6 13. Nh4 Nc5 14. Nf5 a5 15. h4 h6 16. Bf3 Bf8 17. Kg2 Bxf5 18. exf5 e4 19. Be2 Nfd7 20. f4 exf3+ 21. Bxf3 Re8 22. Qd2 Ne5 23. Be2 1/2-1/2

[Event "Leiden SB-ch"]
[Site "Leiden"]
[Date "2007.05.22"]
[Round "2"]
[White "Lehmann, Stefan"]
[Black "Blom, Vincent"]
[Result "1/2-1/2"]
[WhiteElo "1595"]
[BlackElo "1939"]
[PlyCount "85"]
[EventDate "2007.05.15"]
[EventType "swiss"]
[EventRounds "7"]
[EventCountry "NED"]
[SourceTitle "EXT 2012"]
[Source "ChessBase"]
[SourceDate "2011.11.24"]
[SourceVersion "1"]
[SourceVersionDate "2011.11.24"]
[SourceQuality "1"]

1. e4 c5 2. Nf3 Nc6 3. d4 cxd4 4. Nxd4 e5 5. Nb5 d6 6. N1c3 a6 7. Na3 b5 8. Nd5 Nf6 9. Bg5 Be7 10. Nxe7 Nxe7 11. Bxf6 gxf6 12. c3 Bb7 13. f3 f5 14. Bd3 fxe4 15. Bxe4 d5 16. Bc2 Qb6 17. Qd2 0-0-0 18. 0-0-0 Kb8 19. Kb1 a5 20. Ka1 b4 21. Nb1 Nc6 22. Qh6 Nd4 23. Qd2 Ne6 24. Rhe1 d4 25. cxb4 axb4 26. Rxe5 d3 27. Bxd3 Ba6 28. Rxe6 fxe6 29. Qf4+ Ka7 30. Qf7+ Bb7 31. Qg7 Rhg8 32. Qxh7 Rxg2 33. h4 Qf2 34. Rd2 Qxf3 35. Qc7 Rxd3 36. Qa5+ Ba6 37. Qc7+ Qb7 38. Qc5+ Kb8 39. Qf8+ Ka7 40. Qc5+ Kb8 41. Qf8+ Kc7 42. Qe7+ Kb8 43. Qf8+ 1/2-1/2